[Event "Kazakhstan Cup Open 2020"]
[Site "Almaty"]
[Date "2020.12.15"]
[Round "6.2"]
[White "Aitbayev, Aslan"]
[Black "Kazhgaleyev, Murtas"]
[Result "0-1"]
[WhiteElo "2457"]
[BlackElo "2569"]
[Annotator "TA"]
[PlyCount "178"]
[EventDate "2020.12.01"]
[EventType "tourn"]
[EventCountry "KAZ"]
[SourceTitle "playchess.com"]
[Source "ChessBase"]
[SourceQuality "1"]

{[%evp 14,178,47,30,56,31,45,0,-5,-6,-9,-12,-4,-14,-9,-8,0,0,0,-15,-9,-57,-13,-8,-8,-20,-4,-7,-4,-26,-16,-67,-37,-52,-39,-44,-53,-85,0,0,0,-26,0,0,58,0,0,0,0,0,0,0,0,0,0,0,0,0,0,0,0,0,0,0,0,0,0,0,0,0,0,0,0,0,0,0,0,0,0,-8,-8,-8,-8,-8,0,-8,0,0,0,-154,-154,-154,-163,-164,-133,-133,-133,-133,-133,-133,-127,-127,-127,-127,-127,-127,-127,-127,-127,-127,-127,-127,-127,-127,-127,-127,-127,-127,-127,-127,-127,-127,-127,-127,-127,-127,-127,-127,-127,-127,-127,-127,-127,-127,-127,-127,-127,-127,-127,-127,-127,-127,0,-127,-127,-127,-127,-7463,-7054,-5720,-6117,-6974,-5097,-2894,-2075,-29971,-29973,-29978,-29977,-29983,-29984,-29984,-29985,-29985,-29986,-29986,-29987]} 1. e4 Nf6 2. e5 Nd5 3. d4 d6 4. Nf3 dxe5 5. Nxe5 g6 6. c4 Nb6 7. Nc3 Bg7 8. Be3 O-O {B04: Alekhine's Defence: 4 Nf3.} 9. Be2 (9. Qb3 {with more complications.} N6d7 10. Rd1 c5 11. Be2 cxd4 12. Bxd4 Nxe5 13. Bxe5 Qa5 14. Rd5) 9... c5 10. dxc5 (10. O-O {is more complex.} Be6 11. d5 Bxd5 12. Nxg6 hxg6 13. Nxd5 N6d7 14. Bg5) 10... Qxd1+ {[#] The position is equal.} 11. Nxd1 $146 ({Predecessor:} 11. Bxd1 Bxe5 12. cxb6 axb6 13. O-O Be6 14. Bb3 Nd7 15. Rad1 Bxc3 16. bxc3 Nc5 17. Rd4 {½-½ (28) Wellen,H (1968)-Schoepper,O (1869) Germany 2004}) 11... Bxe5 12. cxb6 axb6 13. Bxb6 Be6 14. a3 Rc8 15. Rc1 Nc6 16. Bd3 Bf6 17. f4 Nd4 18. Bxd4 Bxd4 19. Rc2 Rc6 20. Rf1 Rac8 21. Kd2 Rd8 ({Inferior is} 21... Bxc4 22. Rxc4 Rxc4 23. Bxc4 $18) 22. Rf3 (22. Kc1 $11) 22... Bg1 {White must now prevent ...Bxc4.} (22... Ba7 $5 {[%cal Re6c4]} 23. Ne3 Rcd6 $15) 23. Ne3 $1 Bxh2 24. Ke2 Rcd6 25. Be4 Rd4 (25... Bc8 $1 $17 26. Nf1 Bg1) 26. Bxb7 $11 Bxf4 27. c5 Bc7 28. b4 $1 Rd3 (28... Bb3 $11 29. Rb2 Be6) 29. Nc4 (29. Ba6 $14 Rxa3 30. Bc4) 29... Bxc4 30. Rxc4 Rd2+ 31. Kf1 Rd1+ 32. Ke2 R8d2+ 33. Ke3 f5 34. Rf2 Rd3+ 35. Ke2 R1d2+ 36. Kf1 {With the idea Rxd2.} Rd1+ 37. Ke2 R1d2+ 38. Kf1 {Threatens to win with Rxd2.} Rxf2+ 39. Kxf2 Rxa3 {[%mdl 4096] Endgame KRB-KRB} 40. b5 Rb3 41. b6 Bxb6 42. Bd5+ Kg7 {Strongly threatening ...Bc7.} 43. cxb6 Rxb6 {KRB-KR} 44. Rc7 Kf6 45. Ke3 e6 46. Bc6 h5 47. Be8 h4 48. Rf7+ Ke5 49. Rg7 Rb3+ 50. Kf2 Rb8 51. Bxg6 $2 (51. Ba4 $11) 51... Kf6 $17 52. Rh7 Kxg6 53. Rxh4 {KR-KR} Rb2+ 54. Kf3 Kg5 55. Rh8 Rb3+ 56. Kf2 f4 57. Rf8 e5 58. Rf7 Kg4 59. Rf8 Rb2+ 60. Kf1 Ra2 61. Rf7 {Cut Off at move 61} e4 62. Rg7+ Kf5 63. Re7 Rb2 64. Re8 Rb1+ 65. Ke2 Rb6 66. Re7 Re6 67. Ra7 Re8 68. Kf2 e3+ 69. Ke2 Rg8 70. Kf1 Rb8 71. Rf7+ Ke5 72. Rg7 Rb1+ 73. Ke2 Rb2+ 74. Kf1 Rf2+ 75. Ke1 Rc2 76. Kf1 Kd4 77. Rd7+ Ke5 {And now ...Rf2+ would win.} 78. Rg7 $1 Rb2 79. Rg8 Ke4 {Hoping for ...Kd3.} 80. Re8+ $2 {[%mdl 8192] This costs White the game.} (80. Ke1 $17) 80... Kd3 $19 {[%cal Rb2b1]} 81. Rd8+ Kc3 $1 82. Rc8+ {[#]} Kd2 $1 {( -> ...Rb1+)} 83. Rd8+ {[#]} Kc1 $1 84. Rd4 Rf2+ {Black mates.} 85. Kg1 Rd2 86. Rxf4 e2 87. Re4 Kd1 88. Kh2 e1=Q 89. Rxe1+ Kxe1 {Weighted Error Value: White=0.14/Black=0.09} 0-1

[Event "Kazakhstan Cup Open 2020"]
[Site "Almaty"]
[Date "2020.12.15"]
[Round "6.3"]
[White "Khusnutdinov, Rustam"]
[Black "Akhmetov, Ayan"]
[Result "1-0"]
[WhiteElo "2491"]
[BlackElo "2438"]
[Annotator "TA RC"]
[PlyCount "29"]
[EventDate "2020.12.01"]
[EventType "tourn"]
[EventCountry "KAZ"]
[SourceTitle "playchess.com"]
[Source "ChessBase"]
[SourceQuality "1"]

{[%evp 10,29,34,38,21,23,37,35,29,32,41,37,34,19,55,27,45,48,43,60,50,46]} 1. e4 Nf6 2. e5 Nd5 3. d4 d6 4. c4 Nb6 5. exd6 exd6 6. h3 Be7 {B03: Alekhine's Defence: Four Pawns Attack.} 7. Nf3 O-O 8. Be2 {outshines the older 8.Bd3.} Bf6 9. O-O Be6 {[#]} 10. Na3 $146 ({Predecessor:} 10. Qc2 d5 11. c5 Nc8 12. b4 Nc6 13. Qc3 a6 14. a4 N6e7 15. Bf4 Ng6 16. Bh2 {0-1 (83) Inarkiev,E (2707)-Shimanov,A (2600) Tyumen 2012}) 10... c6 11. Bf4 Re8 12. Rc1 d5 13. c5 {White is slightly better.} N6d7 14. Bd3 Nf8 15. Nc2 {Weighted Error Value: White=0.06/Black=0.08} 1-0

[Event "Kazakhstan Cup Open 2020"]
[Site "Almaty"]
[Date "2020.12.15"]
[Round "6.5"]
[White "Jumabayev, Rinat"]
[Black "Agmanov, Zhandos"]
[Result "1/2-1/2"]
[WhiteElo "2654"]
[BlackElo "2407"]
[Annotator "TA"]
[PlyCount "110"]
[EventDate "2020.12.01"]
[EventType "tourn"]
[EventCountry "KAZ"]
[SourceTitle "playchess.com"]
[Source "ChessBase"]
[SourceQuality "1"]

{[%evp 14,110,18,2,4,0,22,16,36,34,48,54,49,41,59,46,41,47,45,16,13,17,0,0,18,20,11,18,18,20,12,14,14,13,20,18,37,43,57,20,44,45,100,25,25,25,29,25,24,25,21,15,22,0,15,20,16,0,38,0,32,18,36,19,52,49,55,33,29,21,24,0,0,0,0,0,0,0,0,-50,0,0,0,-8,0,0,0,0,0,0,0,0,0,0,0,0,0,0,8]} 1. e4 e6 2. d4 d5 3. Nc3 Nf6 4. Bg5 dxe4 5. Nxe4 Nbd7 6. Nf3 h6 7. Nxf6+ Nxf6 8. Be3 $1 {[%mdl 4] is recently more successful than 8.Bh4.} Bd6 {C10: French with 3 Nc3: Unusual Black 3rd moves and 3...dxe4.} 9. Bd3 Qe7 10. Qe2 Bd7 11. O-O-O {[#]} O-O-O $146 ({Predecessor:} 11... Nd5 12. Ne5 Bxe5 13. dxe5 O-O-O 14. Bd2 Bc6 15. Qg4 h5 16. Qg5 f6 17. Qh4 Qf7 {1-0 (58) Fressinet,L (2646)-Dizdar,G (2553) Paris 2007}) 12. c4 c5 13. dxc5 Bxc5 14. Ne5 Be8 15. Bc2 Nd7 16. Bf4 f6 17. Ng6 Bxg6 18. Bxg6 e5 19. Bg3 f5 20. Qh5 f4 21. Bh4 Nf6 22. Qe2 Rd4 23. Rxd4 Bxd4 24. g3 fxg3 25. Bxg3 Nd7 {[#] White must now prevent ...Qg5+.} 26. Kb1 Rf8 27. Rd1 Qg5 (27... Qe6 $14 28. Qc2 Rf6) 28. Bc2 ({White should try} 28. Be4 $16) 28... h5 $1 $11 29. h4 Qg4 30. Qxg4 hxg4 31. Rd2 b6 32. a3 a5 33. Bg6 Kb7 34. Be4+ Kc8 35. Kc2 Nf6 36. Bg6 Kb7 37. Re2 Nd7 38. b4 Kc7 39. Rd2 {Strongly threatening Rxd4.} Kc8 40. Kb3 Rf3+ 41. Ka4 Nf6 42. Re2 Kd7 43. Be4 Rc3 44. Bf5+ ({Don't play} 44. bxa5 Rxc4+ 45. Kb3 (45. Kb5 Rc5+ 46. Kb4 bxa5+ 47. Kb3 Ke6 $17) 45... Rc3+ 46. Kb4 bxa5+ 47. Kxa5 Rxa3+ 48. Kb4 Rc3 $17) 44... Kd6 45. Rd2 {Rxd4+ is the strong threat.} ({Much worse is} 45. bxa5 Rxc4+ 46. Kb5 Rc5+ 47. Ka4 bxa5 $17) 45... Ke7 46. c5 {Hoping for cxb6.} axb4 {aiming for ...Rf3.} 47. cxb6 {The position is equal.} Bxb6 48. axb4 Bd4 49. Kb5 Ne8 {And now ...Nd6+ would win.} 50. Bxg4 Nd6+ 51. Ka4 Ne4 {[%mdl 64] [#] Double Attack} 52. Re2 Nxg3 53. fxg3 Rxg3 54. Bc8 Kd8 55. Bb7 Kc7 {Weighted Error Value: White=0.10/Black=0.08} 1/2-1/2

[Event "Kazakhstan Cup Open 2020"]
[Site "Almaty"]
[Date "2020.12.15"]
[Round "6.6"]
[White "Utegaliyev, Azamat"]
[Black "Ismagambetov, Anuar"]
[Result "1/2-1/2"]
[WhiteElo "2496"]
[BlackElo "2528"]
[Annotator "TA"]
[PlyCount "107"]
[EventDate "2020.12.01"]
[EventType "tourn"]
[EventCountry "KAZ"]
[SourceTitle "playchess.com"]
[Source "ChessBase"]
[SourceQuality "1"]

{[%evp 20,107,-5,-14,0,-3,6,6,22,7,0,10,25,9,8,9,14,0,9,10,39,60,56,48,83,69,85,60,57,50,68,64,72,52,66,66,155,143,134,158,178,152,135,136,204,190,185,141,110,148,147,143,141,144,141,138,114,0,0,-45,143,0,0,0,0,0,0,0,0,0,71,48,15,0,4,0,8,7,84,0,73,0,0,-452,0,0,0,0,0,0]} 1. Nf3 {Ribli,Z} Nf6 2. c4 g6 3. Nc3 Bg7 4. g3 O-O 5. Bg2 d6 6. O-O e5 7. d3 Nc6 8. Bg5 h6 9. Bxf6 Bxf6 10. Rb1 Be6 11. b4 {[%cal Bb2b4,Bb4b5][%mdl 32]} Bg7 {A26: English Opening vs King's Indian with ...Nc6 and d3.} 12. Nd2 e4 13. b5 Ne7 14. Qc2 ({Don't blunder} 14. Ndxe4 $2 f5 $19) 14... exd3 15. Qxd3 {[#]} c6 $146 ({Predecessor:} 15... Qc8 16. Rfc1 Re8 17. Nb3 Bf5 18. e4 Bh3 19. c5 Bxg2 20. Kxg2 Rd8 21. Qc4 dxc5 22. Nxc5 {½-½ (61) Arencibia Rodriguez,W (2425)-Zapata,A (2480) Cali 1990 CBM 019 [Ribli,Z]}) 16. bxc6 bxc6 17. Nb3 Qb6 18. c5 dxc5 {Hoping for ...c4.} 19. Na4 {[%mdl 64] Double Attack} Qc7 {Threatens to win with ...c4.} 20. Naxc5 Bf5 21. e4 Rad8 22. Qe2 Bc8 23. a4 Rfe8 24. Qc2 g5 25. f4 $1 Ng6 {[%cal Rg5f4]} 26. e5 gxf4 27. gxf4 Nh4 (27... Ne7 $14) 28. Be4 $16 Kh8 29. Kh1 f6 30. Qf2 f5 31. Bd3 Ng6 (31... Rxd3 $16 32. Nxd3 c5 33. Qxh4 c4) 32. Rg1 Qf7 33. Qg3 Nxf4 34. Qxf4 Rxd3 35. Nxd3 ({Worse is} 35. Rxg7 Kxg7 36. Nxd3 Qd5+ 37. Kg1 Qxd3 $17) 35... Qd5+ 36. Rg2 Qxd3 37. Rbg1 Qd5 38. Nd4 (38. Nc5 $1 $16) 38... c5 $1 $11 {[%cal Rc5d4]} 39. Qg3 {[%csl Gg1,Gg2][%cal Rg3g7]} Re7 $2 {[#]} (39... Rg8 $1 $15 {keeps the upper hand.} 40. Nb5 (40. Nf3 Bb7 $17) 40... Bb7) 40. Nf3 ({White has to play} 40. Ne2 $1 $16 {[%cal Re2f4]} Kh7 41. Qg6+ Kh8 42. Nf4 Qxe5 43. Qc6 Qxf4 44. Qxc8+ Kh7 45. Qxc5) 40... Bb7 41. Nh4 {Black must now prevent Ng6+.} Rd7 42. Re1 {aiming for e6.} Qe6 43. Ng6+ $1 Kh7 44. Nf4 Bxg2+ (44... Qe7 $1 $11) 45. Qxg2 $16 Qe8 46. Qh3 {next e6 is good for White.} Qa8+ 47. Kg1 Qf8 {...Bxe5! is the strong threat.} 48. Ne6 Qg8 (48... Qc8 $11) 49. Qxf5+ Kh8 {[#]} 50. Nf4 ({Better is} 50. Ng5 $1 $16 Rc7 51. Re3) 50... Rf7 $1 $11 {[%cal Rf7f5]} 51. Ng6+ Kh7 52. Nf8+ $1 {[%mdl 64] Discovered Attack (Double check). The position is equal.} Kh8 53. Ng6+ Kh7 54. Nf8+ $1 {[%mdl 64] Discovered Attack (Double check). Never resign too early!  Weighted Error Value: White=0.17/Black=0.19} 1/2-1/2

[Event "Kazakhstan Cup Open 2020"]
[Site "Almaty"]
[Date "2020.12.16"]
[Round "7.1"]
[White "Ismagambetov, Anuar"]
[Black "Ibrayev, Nurlan"]
[Result "1-0"]
[WhiteElo "2528"]
[BlackElo "2395"]
[Annotator "ChessBase"]
[PlyCount "73"]
[EventDate "2020.12.01"]
[EventType "tourn"]
[EventCountry "KAZ"]
[SourceTitle "playchess.com"]
[Source "ChessBase"]
[SourceQuality "1"]
[TimeControl "40/5400+30:1800+30"]

1. e4 {[%emt 0:00:26]} c5 {[%emt 0:00:38]} 2. Nf3 {[%emt 0:00:16]} e6 {[%emt 0:00:51]} 3. d4 {[%emt 0:00:07]} cxd4 {[%emt 0:00:04]} 4. Nxd4 {[%emt 0:00:04]} Qb6 {[%emt 0:00:04]} 5. Nb3 {[%emt 0:00:45]} a6 {[%emt 0:01:52]} 6. g3 {[%emt 0:02:02]} Qc7 {[%emt 0:04:55]} 7. Bg2 {[%emt 0:00:15]} Nc6 {[%emt 0:03:16]} 8. O-O {[%emt 0:01:23]} Nf6 {[%emt 0:01:07]} 9. Nc3 {[%emt 0:05:16]} d6 {[%emt 0:01:12]} 10. Be3 {[%emt 0:06:39]} Be7 {[%emt 0:04:28]} 11. Na4 {[%emt 0:06:19]} Nd7 {[%emt 0:01:10]} 12. c4 {[%emt 0:00:05]} b6 {[%emt 0:08:41]} 13. e5 {[%emt 0:05:39]} dxe5 {[%emt 0:07:16]} 14. c5 {[%emt 0:00:06]} b5 {[%emt 0:01:16]} 15. Nb6 {[%emt 0:00:07]} Rb8 {[%emt 0:00:06]} 16. Nxc8 {[%emt 0:12:48]} Rxc8 {[%emt 0:02:25]} 17. a4 {[%emt 0:00:06]} O-O {[%emt 0:01:26]} 18. axb5 {[%emt 0:06:08]} axb5 {[%emt 0:00:12]} 19. Bxc6 {[%emt 0:06:26]} Qxc6 {[%emt 0:00:20]} 20. Ra7 {[%emt 0:00:04]} Nxc5 {[%emt 0:17:41]} 21. Rxe7 {[%emt 0:02:06]} Na4 {[%emt 0:00:05]} 22. Nd2 {[%emt 0:05:22]} Nxb2 {[%emt 0:01:13]} 23. Qg4 {[%emt 0:00:07]} Kh8 {[%emt 0:04:19]} 24. Nf3 {[%emt 0:03:05]} Qd6 {[%emt 0:01:13]} 25. Ra7 {[%emt 0:00:13]} Rc4 {[%emt 0:02:57]} 26. Qh5 {[%emt 0:02:24]} f6 {[%emt 0:00:41]} 27. Nd2 {[%emt 0:06:39]} Rc7 {[%emt 0:02:12]} 28. Ne4 {[%emt 0:03:30]} Qc6 {[%emt 0:00:30]} 29. Rxc7 {[%emt 0:00:47]} Qxc7 {[%emt 0:00:02]} 30. Ra1 {[%emt 0:02:32]} Qc6 {[%emt 0:13:22]} 31. Bc5 {[%emt 0:04:42]} Rc8 {[%emt 0:01:29]} 32. Nxf6 {[%emt 0:09:38]} gxf6 {[%emt 0:01:21]} 33. Be7 {[%emt 0:00:04]} Kg7 {[%emt 0:15:05]} 34. Qh4 {[%emt 0:02:59]} Qf3 {[%emt 0:00:18]} 35. Bxf6+ {[%emt 0:00:13]} Kf8 {[%emt 0:00:22]} 36. Qh6+ {[%emt 0:00:52]} Ke8 {[%emt 0:00:34]} 37. Qg7 {[%emt 0:00:11]} 1-0

[Event "Kazakhstan Cup Open 2020"]
[Site "Almaty"]
[Date "2020.12.16"]
[Round "7.2"]
[White "Agmanov, Zhandos"]
[Black "Utegaliyev, Azamat"]
[Result "1/2-1/2"]
[WhiteElo "2407"]
[BlackElo "2496"]
[Annotator "TA"]
[PlyCount "66"]
[EventDate "2020.12.01"]
[EventType "tourn"]
[EventCountry "KAZ"]
[SourceTitle "playchess.com"]
[Source "ChessBase"]
[SourceQuality "1"]

{[%evp 17,66,35,29,27,28,28,37,21,21,0,0,0,0,0,0,0,9,10,18,15,27,6,8,8,12,10,8,0,11,0,0,0,12,13,17,11,7,0,0,0,0,0,0,0,0,0,0,0,0,0,0]} 1. e4 g6 2. d4 Bg7 3. Nc3 c6 4. Nf3 d5 5. h3 dxe4 6. Nxe4 Nf6 7. Bd3 Nxe4 8. Bxe4 Bf5 9. Bxf5 Qa5+ 10. c3 {B15: Caro-Kann: 3 Nc3: 3...g6 and 3...dxe4 4 Nxe4 Nf6 5 Nxf6+ exf6.} Qxf5 11. Qb3 Qb5 {[#]} 12. Qc2 $146 {White is slightly better.} ({Predecessor:} 12. Bf4 O-O 13. Qxb5 cxb5 14. O-O-O Nd7 15. Rhe1 Rfe8 16. d5 Rac8 17. Kb1 a6 18. Re3 {0-1 (77) Kiss,A (2371)-Medvegy,Z (2557) Hungary 2017}) 12... O-O 13. c4 Qa5+ 14. Bd2 Qc7 15. O-O Nd7 16. Rfe1 e6 17. Rad1 Rac8 18. Qc1 Rfe8 19. b3 e5 {The position is equal.} 20. dxe5 Nxe5 21. Nxe5 Bxe5 22. Bh6 Rcd8 23. Rxd8 Qxd8 24. Qd1 Bf6 (24... f6 {feels hotter.} 25. g3 Kf7 26. Qf3 Qa5 27. Rd1 Qxa2 28. Kg2 Qa3) 25. Qxd8 Rxd8 $11 {[%mdl 4096] Endgame KRB-KRB} 26. g4 Bg7 27. Bxg7 Kxg7 {KR-KR} 28. Re7 Rd2 29. a4 b6 30. Rxa7 {[#] Rb7 is the strong threat.} Rb2 31. Rc7 Rxb3 32. Rxc6 Rb4 33. c5 bxc5 {Weighted Error Value: White=0.04/Black=0.02} 1/2-1/2

[Event "Kazakhstan Cup Open 2020"]
[Site "Almaty"]
[Date "2020.12.16"]
[Round "7.3"]
[White "Makhnev, Denis"]
[Black "Jumabayev, Rinat"]
[Result "1/2-1/2"]
[WhiteElo "2486"]
[BlackElo "2654"]
[Annotator "TA"]
[PlyCount "196"]
[EventDate "2020.12.01"]
[EventType "tourn"]
[EventCountry "KAZ"]
[SourceTitle "playchess.com"]
[Source "ChessBase"]
[SourceQuality "1"]

{[%evp 14,196,42,31,38,45,58,34,52,0,10,0,0,0,0,0,0,0,7,0,0,0,0,0,0,0,0,0,0,-45,-62,-51,-54,-136,-126,-143,-129,-133,-112,-177,-181,-167,-170,-188,-134,-130,-126,-128,-115,-127,-126,-177,-177,-190,-187,-273,-177,-177,-177,-177,-177,-177,-177,-177,-177,-175,-72,-137,-137,-137,-137,-123,-37,-37,-36,-36,-21,-16,-16,-16,-12,-12,-9,-9,-9,-9,-9,-9,-9,-9,0,-9,-9,-9,-9,-9,-6,-6,-6,-6,-6,-6,-6,-6,-6,-6,-6,-6,-6,-6,-6,-6,-8,-8,-8,-9,-10,-15,-15,-15,-16,-16,-16,-16,0,0,0,-16,-16,-16,-16,-16,-16,-16,-16,-16,0,-16,-16,-16,-16,-16,-16,-16,-16,-16,-16,-16,-16,-16,-16,-29,-6,-6,-6,-6,-6,-6,-6,-6,-6,-6,-6,-7,0,0,0,0,0,0,0,0,0,0,0,0,0,0,0,0,0,0,0,0,0]} 1. d4 Nf6 2. c4 g6 3. g3 c5 4. d5 b5 5. cxb5 a6 6. bxa6 Bg7 7. Nc3 d6 8. Bg2 Nbd7 {[%cal Bb8d7,Bd7b6,Bb6c4,Bc4e3][%mdl 32] A58: Benko/Volga Gambit: Lines with 5 bxa6.} 9. Nf3 Nb6 10. O-O O-O {White is slightly better.} 11. Ne1 Nfd7 12. Nc2 Nc4 13. Ne3 $1 {[%cal Re3c4]} Ndb6 {[#]} 14. Qc2 $146 ({Predecessor:} 14. Nxc4 Nxc4 15. Qc2 Bxa6 16. Bd2 Qa5 17. Rfb1 Nxd2 18. Qxd2 Rfb8 19. Rc1 Ra7 20. Bf3 {1-0 (77) Schaffer,H (2236)-Kersten,U (2245) Germany 2017}) 14... Nxe3 $1 15. Bxe3 Nc4 16. Bf4 Qa5 17. Rac1 Bxa6 18. b3 Na3 19. Qd2 Rfb8 20. Bh6 Bxc3 21. Qxc3 (21. Rxc3 {looks sharper.} Nb5 22. Rd3 Qxd2 23. Rxd2 Nc3 24. Re1) 21... Qxc3 22. Rxc3 Nb5 $1 {[%cal Rb5c3]} 23. Re3 ({White should try} 23. Rd3 $15) 23... Nd4 $17 24. Rxe7 Nf5 $36 {[%mdl 2048] Black is on the roll.} 25. Bg5 h6 26. Bf6 (26. Bf4 $17 {is a better defense.}) 26... Nxe7 $19 27. Bxe7 {[#]} Rb6 $1 ({But not} 27... Bxe2 28. Re1 $15) 28. Bf6 Re8 (28... Bxe2 $19 29. Re1 Bb5) 29. Bf3 $17 Bxe2 30. Re1 Bb5 31. Rxe8+ Bxe8 {[%mdl 4096] Endgame KRB-KB} 32. Kf1 (32. Be2 $17) 32... Bb5+ $19 33. Ke1 Bd3 34. Be2 (34. Bd1 $142) 34... Bxe2 35. Kxe2 {KR-KB} Ra6 36. a4 {[#]} Rb6 $1 37. Be7 f5 38. a5 Rxb3 39. Bxd6 c4 (39... Ra3 $19 {has better winning chances.} 40. Kd2 Kf7) 40. a6 (40. Kd2 $142) 40... Rb2+ $17 41. Ke3 Ra2 42. Bc5 Kf7 (42... Rxa6 $17 43. Kd4 Kf7 44. Kxc4 Ra2) 43. a7 $15 c3 44. h4 f4+ 45. Kd3 ({Don't blunder} 45. Kxf4 $2 c2 $19) 45... c2 46. Kd2 fxg3 47. fxg3 h5 48. Kc1 Kf6 49. d6 Ke6 50. Kd2 $1 Kd7 51. Kc1 $1 Kd8 52. Bb6+ Kc8 53. Bd4 Kb7 54. Bc5 Kc6 55. Kd2 $1 Ra5 (55... Kxc5 $2 56. d7 $18) 56. Kc1 Kd7 ({Wrong is} 56... Kxc5 $2 57. d7 $18) 57. Bb6 Ra3 58. Kxc2 Kxd6 59. Kb2 Ra6 60. Kc3 Kc6 61. Be3 {Cut Off at move 61} Ra4 62. Kb3 Kb5 63. Bd4 Ra5 {White should prevent ...Kc6.} 64. Be3 Kc6 65. Kc4 Ra3 66. Kb4 Ra2 {Hoping for ...Kb7.} 67. Kb3 Ra1 68. Kc4 Ra4+ 69. Kb3 Ra1 {And now ...Kb7 would win.} 70. Kc4 Kb7 {Strongly threatening ...Ra3.} 71. Kd5 Ra3 72. Ke4 Kc6 73. Kf4 Ra5 74. Ke4 Kd7 75. Kd3 (75. Bb6 {is interesting.} Ra3 76. Bc5 Ra6 77. Kf4 Kc6 78. Be3) 75... Ra4 76. Kc3 Kc8 77. Kb3 Ra6 78. Kc4 Kb7 {aiming for ...Ra3.} 79. Kd5 Rf6 80. Ke5 Rf8 81. Ke4 Rf1 {next ...Ka8 is good for Black.} 82. Ke5 Rf3 83. Bf4 {The position is equal.} Ra3 84. Kf6 Ra6+ 85. Kg7 Kxa7 86. Bg5 Kb7 87. Bf6 Kc6 {Black wants to play ...Kd5.} 88. Kxg6 Kd5 {Threatening ...Ke4.} 89. Kf5 $1 Ra8 90. Kg6 Ra6 {White must now prevent ...Ke4.} 91. Kf5 $1 Ra3 92. Be5 Ra5 93. Bf6 Ra3 94. Be5 Rb3 95. Bf4 Rb5 96. Bg5 Rb3 97. Bf4 Rb5 98. Bg5 Rb3 {White happily takes the draw.  Weighted Error Value: White=0.09/Black=0.09} 1/2-1/2

[Event "Kazakhstan Cup Open 2020"]
[Site "Almaty"]
[Date "2020.12.16"]
[Round "7.4"]
[White "Akhmetov, Ayan"]
[Black "Kostenko, Petr"]
[Result "1-0"]
[WhiteElo "2438"]
[BlackElo "2429"]
[Annotator "TA"]
[PlyCount "75"]
[EventDate "2020.12.01"]
[EventType "tourn"]
[EventCountry "KAZ"]
[SourceTitle "playchess.com"]
[Source "ChessBase"]
[SourceQuality "1"]

{[%evp 19,75,-13,-12,-71,-72,-87,-84,-78,0,0,0,0,0,-109,0,0,0,0,0,0,0,0,367,367,336,357,347,360,352,360,349,359,328,343,468,464,455,458,442,421,1354,1337,1340,1287,2133,2114,1839,1798,29981,29982,29986,29987,29996,29997,29997,29998,29998,29999]} 1. e4 c6 2. d4 d5 3. Nd2 dxe4 4. Nxe4 Bf5 5. Ng3 Bg6 6. h4 h6 7. N1e2 Nf6 8. Nf4 Bh7 9. Bc4 e6 10. O-O Bd6 $1 11. Nxe6 {B18: Classical Caro-Kann: 4...Bf5 sidelines.} (11. Qf3 $11) 11... fxe6 $17 12. Bxe6 Nbd7 13. Re1 {Black is better.} Bxg3 (13... Qc7 $1 $17 14. Bg8+ Kf8 15. Bxh7 Rxh7) 14. fxg3 $11 {[#]} Qb6 $146 ({Predecessor:} 14... Qa5 15. Bf5+ Kf7 16. Be6+ Ke7 17. b4 Qb6 18. Bf5+ Kf8 19. Bxh7 Rxh7 20. Bf4 Qb5 {1-0 (34) Schreiner,R (2225)-Grund,H (2335) Germany 1996}) 15. Bh3+ Kd8 16. Bf4 (16. g4 $11) 16... Re8 (16... Qxb2 $17 {...Qc3 is the strong threat.} 17. Rb1 Qxc2 18. Qxc2 Bxc2 19. Rxb7 Re8) 17. Rxe8+ $1 Nxe8 18. Bxd7 Kxd7 19. Qg4+ $1 Kd8 20. Re1 Bxc2 $2 {[%mdl 8192] [#] Black is on the road to losing.} (20... Qxd4+ $2 21. Kh1 $18) (20... Qb4 $1 $11 {and Black stays safe.} 21. Rxe8+ Kxe8 22. Qxg7 {[%mdl 64] Double Attack} Bxc2) 21. Qe2 $1 $18 {[%csl Ge1][%cal Re2e8][%mdl 576] Double Attack} Qxd4+ {[#]} 22. Kh2 $1 {[%csl Ge1][%cal Re2e8][%mdl 512]} Qe4 23. Qd2+ $1 (23. Qxe4 Bxe4 24. Rxe4 Nf6 $11) 23... Qd3 {[#] Hoping for ...Qxd2.} 24. Qb4 $1 {[%cal Rb4e7] White threatens Qe7+ and mate.} (24. Rd1 Qxd2 25. Rxd2+ Ke7 $11) 24... Qd7 {[#] And now ...Bf5 would win.} 25. Re2 $1 Bd3 26. Rd2 g5 27. Qa3 Nf6 {Strongly threatening ...Ng4+.} ({Much weaker is} 27... gxf4 28. Rxd3 fxg3+ 29. Kxg3 $18) 28. Rxd3 Nd5 29. hxg5 ({Less strong is} 29. Qf8+ Qe8 $14) 29... hxg5 (29... Qe7 $142 30. Qa5+ Ke8) 30. Qf8+ Qe8 31. Qd6+ Qd7 32. Bxg5+ Ke8 33. Qh6 {Threatening mate with Qh8+.} Qf7 34. Rf3 {White mates.} Qg8 35. Qd6 Rc8 {[#]} 36. Re3+ $1 {[%mdl 512]} Kf7 {[#]} (36... Nxe3 37. Qe7#) 37. Re7+ $1 {[%mdl 576] Deflection} Nxe7 38. Qf6+ {Weighted Error Value: White=0.12/Black=0.74} ({Weaker is} 38. Bxe7 Qh7+ 39. Bh4 Rf8 $15) 1-0

[Event "Kazakhstan Cup Open 2020"]
[Site "Almaty"]
[Date "2020.12.16"]
[Round "7.5"]
[White "Kazhgaleyev, Murtas"]
[Black "Khusnutdinov, Rustam"]
[Result "1/2-1/2"]
[WhiteElo "2569"]
[BlackElo "2491"]
[Annotator "TA"]
[PlyCount "26"]
[EventDate "2020.12.01"]
[EventType "tourn"]
[EventCountry "KAZ"]
[SourceTitle "playchess.com"]
[Source "ChessBase"]
[SourceQuality "1"]

{[%evp 25,26,0,25]} 1. e4 e5 2. Nf3 Nc6 3. Bb5 a6 4. Ba4 Nf6 5. O-O Be7 6. Re1 b5 7. Bb3 d6 8. c3 O-O 9. h3 Re8 {[#]} 10. Ng5 $146 ({Predecessor:} 10. d4 Bb7 11. Nbd2 Bf8 12. Ng5 Re7 13. d5 Nb8 14. Nf1 c6 15. dxc6 Bxc6 16. Ng3 h6 17. Nf3 Re8 18. Nh4 Nbd7 19. Nhf5 Nc5 20. Bc2 d5 21. exd5 Bxd5 22. Nh5 Nxh5 23. Qxh5 Qf6 24. Qg4 Be6 25. Qh4 g5 26. Qg4 e4 {0-1 (26) Sjugirov,S (2675)-Firouzja,A (2728) chess.com INT 2020}) 10... Rf8 11. Nf3 Re8 12. Ng5 Rf8 13. Nf3 Re8 1/2-1/2